Weird looking actors #2 [pic] - Statistics

General Stats
  • This quiz has been taken 33 times
  • The average score is 7 of 16
Answer Stats
Picture Answer % Correct
Sylvester Stallone
88%
Jack Nicholson
72%
Christopher Walken
69%
Scott Thompson
69%
Willem Dafoe
63%
Forest Whitaker
59%
Benicio del Toro
56%
Eugene Levy
53%
Jim Parsons
47%
Jon Lovitz
38%
Wallace Shawn
34%
Patton Oswalt
31%
Walton Goggins
16%
Will Poulter
13%
Mackenzie Crook
9%
Atticus Shaffer
3%
No matching quizzes found
Score Distribution
Percent of People with Each Score
Percentile by Number Answered
Your Score History
You have not taken this quiz